000 00656nam a2200229 i 4500
001 82329
003 ES-MaACL
005 20250325063044.0
007 t|
008 041108s1978 sp ||||1| spa d
020 _a84-85417-01-1
080 _a821.134.2-14"19"
100 1 _aInfante, José,
_d1946-
_965257
_eaut
245 1 3 _aLa nieve en su mano /
_cpor José Infante ; preliminar del autor.
260 _aMadrid :
_bCaballo Griego para la Poesía,
_c[1978]
300 _a120 p. ;
_c17 cm.
490 1 _aPentesilea ;
_v3
830 1 _aPentesilea ;
_v3
_9182326
852 _aES-MaACL
_jL-6676
942 _2udc
999 _c82329
_d82329